书目信息 |
| 题名: |
引领
|
|
| 作者: | ;任初轩 编 | |
| 分册: | ||
| 出版信息: | 北京 人民日报出版社 2024.09 |
|
| 页数: | 271页 | |
| 开本: | 24cm | |
| 丛书名: | ||
| 单 册: | ||
| 中图分类: | D25-53 | |
| 科图分类: | ||
| 主题词: | ||
| 电子资源: | ||
| ISBN: | 978-7-5115-8442-7 | |
| 000 | 01113nam0 2200241 450 | |
| 001 | 01052852 | |
| 005 | 20251022164114.56 | |
| 010 | @a978-7-5115-8442-7@dCNY58.00 | |
| 100 | @a20241008d2024 em y0chiy0120 ea | |
| 101 | 0 | @achi |
| 102 | @aCN@b110000 | |
| 105 | @ay z 000yy | |
| 106 | @ar | |
| 200 | 1 | @a引领@9yin ling@e为高质量发展提供强大动力@f任初轩编 |
| 210 | @a北京@c人民日报出版社@d2024.09 | |
| 215 | @a271页@d24cm | |
| 330 | @a本书以推动高质量发展为主题,精选《人民日报》等报刊近期发表的评论和理论文章30余篇,按照发表时间顺序进行编排。这些文章如《坚持目标导向和问题导向相结合》《为推动高质量发展提供强大动力》《聚焦构建高水平社会主义市场经济体制》《聚焦提高人民生活品质》《健全促进实体经济和数字经济深度融合制度》等,有助于广大读者提高推动高质量发展的本领,切实把思想和行动统一到党中央决策部署上来,以钉钉子精神抓好各项任务的落实。 | |
| 517 | 1 | @a为高质量发展提供强大动力@9wei gao zhi liang fa zhan ti gong jiang da dong li |
| 601 | 02 | @a中国共产党@x党的领导@j文集 |
| 690 | @aD25-53@v5 | |
| 711 | 02 | @a任初轩@9ren chu xuan@4编 |
| 801 | 0 | @aCN@c20250910 |
| 905 | @a河南城建学院图书馆@dD25@eR437@ZR437@f1 | |
| 引领:为高质量发展提供强大动力/任初轩编.-北京:人民日报出版社,2024.09 |
| 271页;24cm |
| ISBN 978-7-5115-8442-7:CNY58.00 |
| 本书以推动高质量发展为主题,精选《人民日报》等报刊近期发表的评论和理论文章30余篇,按照发表时间顺序进行编排。这些文章如《坚持目标导向和问题导向相结合》《为推动高质量发展提供强大动力》《聚焦构建高水平社会主义市场经济体制》《聚焦提高人民生活品质》《健全促进实体经济和数字经济深度融合制度》等,有助于广大读者提高推动高质量发展的本领,切实把思想和行动统一到党中央决策部署上来,以钉钉子精神抓好各项任务的落实。 |
| ● |
| 相关链接 |
|
|
|
正题名:引领
索取号:D25/R437
 
预约/预借
| 序号 | 登录号 | 条形码 | 馆藏地/架位号 | 状态 | 备注 |
| 1 | 1635315 | 216353158 | 社科库509/509社科库 69排2列2层/ [索取号:D25/R437] | 在馆 |